|
|
|
|
| LEADER |
00000nam0a2200000 4500 |
| 001 |
211008 |
| 005 |
20231101225640.0 |
| 035 |
|
|
|a (RuTPU)RU\TPU\book\230469
|
| 090 |
|
|
|a 211008
|
| 100 |
|
|
|a 20120306d1968 m y0rusy50 ca
|
| 101 |
0 |
|
|a rus
|
| 102 |
|
|
|a RU
|
| 105 |
|
|
|a y z 001zy
|
| 200 |
1 |
|
|a Из истории подготовки инженерно-технических кадров в Западной Сибири (1928-1937 гг.)
|f И. М. Поспелов
|
| 210 |
|
|
|a Томск
|c Изд-во Томского ун-та
|d 1968
|
| 215 |
|
|
|a 60 с.
|
| 320 |
|
|
|a Библиогр. в примеч.
|
| 606 |
1 |
|
|a Специалисты
|x Повышение квалификации
|2 stltpush
|3 (RuTPU)RU\TPU\subj\55834
|9 73791
|
| 610 |
1 |
|
|a Западная Сибирь
|
| 610 |
1 |
|
|a 20 век
|
| 610 |
1 |
|
|a инженерно-технические кадры
|
| 610 |
1 |
|
|a подготовка
|
| 610 |
1 |
|
|a история
|
| 610 |
1 |
|
|a партийные организации
|
| 610 |
1 |
|
|a Коллекция История ТПУ
|
| 675 |
|
|
|a 3КП1(С18)
|v 3
|
| 686 |
|
|
|a 658.336
|v LBC/SL-A
|2 rubbk
|
| 700 |
|
1 |
|a Поспелов
|b И. М.
|g Иван Моисеевич
|
| 801 |
|
1 |
|a RU
|b 63413507
|c 20120306
|
| 801 |
|
2 |
|a RU
|b 63413507
|c 20210220
|g RCR
|
| 942 |
|
|
|c BK
|